000 01602nam a2200397 i 4500
001 54312
003 KOSZ 005
005 20220913144537.0
008 080421s2007 pl f |000 0 pol
015 _aPB 2008/12569
020 _a9788372282057
040 _aWA N
_cWA N
_dKOSZ 005/HR
041 1 _apol
_heng
046 _k2007
080 _a341.22
080 _a346.52
080 _a347.728.1
245 0 0 _aMiędzynarodowe Standardy Sprawozdawczości Finansowej (MSSF) 2007 :
_bobejmujące wydane przez IASB dokumenty uzupełniające MSSF i MSR.
_nT. 2,
_pPrzykłady ilustrujące, wytyczne stosowania, uzasadnienia wniosków - według stanu na dzień 1 stycznia 2007 r.
246 1 _iTyt. oryg.:
_aInternational Financial Reporting Standards.
246 3 0 _aISSF.
260 _a[Warszawa] :
_bStowarzyszenie Księgowych w Polsce. Zarząd Główny,
_c2007.
300 _a1626 s. ;
_c24 cm +
_e1 dysk optyczny (CD ROM).
336 _2rdacontent
_aTekst
_btxt
337 _2rdamedia
_aBez urządzenia pośredniczącego
_bn
338 _2rdacarrier
_aWolumin
_bnc
380 _aKsiążki
388 _a2001-
650 4 _aMiędzynarodowe Standardy Sprawozdawczości Finansowej (MSSF)
650 4 _aSprawozdawczość finansowa
650 4 _aRachunkowość
658 _aGospodarka, ekonomia, finanse
658 _aPrawo i wymiar sprawiedliwości
710 _aZarząd Główny (Stowarzyszenie Księgowych w Polsce)
_4pbl
856 _uhttp://koha.tu.koszalin.pl/cgi-bin/koha/opac-detail.pl?biblionumber=54312
_yKatalog online BPK
942 _2UKD
_cKS
999 _c54312
_d54312